| 000 | 00359nam a2200145Ia 4500 | ||
|---|---|---|---|
| 008 | 230312s9999||||xx |||||||||||||| ||und|| | ||
| 020 | _a978-0070672857 | ||
| 082 |
_a621.3822 _bPOO-S |
||
| 100 | _aPoornachandra;S | ||
| 245 | 0 | _aSignal and Systems | |
| 260 |
_bMcGraw Hill _aIndia _c2010 |
||
| 300 | _ainx2 | ||
| 650 |
_aEngineering _vElectrical |
||
| 942 | _cBK | ||
| 999 |
_c14035 _d14035 |
||